| 000 | 00670nam a2200241 a 4500 | ||
|---|---|---|---|
| 001 | nice12345678 | ||
| 003 | IN_TiNIC | ||
| 005 | 20260116012326.0 | ||
| 008 | 050524s1984 vama grp 000 0 eng | ||
| 020 |
_a9519520 _c864 |
||
| 082 | 0 | 0 |
_a248.246 _bSYR |
| 100 | _aSyrjanen, Seppo | ||
| 245 |
_aIn Search of Meaning and Identity _b Conversion to Christianity in Pakistani |
||
| 260 |
_aVammala _bMissiologian Ja Ekumeniikan Sekura R.Y _c1984 |
||
| 300 | _a246p | ||
| 500 | _aincludes index and biblioraphy | ||
| 505 | 2 | _aAbbreviation | |
| 650 | _aChristianity-Pakistan | ||
| 700 | 1 | _aSyrjanen, Seppo | |
| 902 | _bSRS | ||
| 942 | _cBK | ||
| 999 |
_c6562 _d6562 |
||